Farmagedon : skutečná cena levného masa /

Saved in:
Bibliographic Details
Main Authors: Lymbery, Philip, Oakeshottová, Isabel (Author)
Format: Book
Language:Czech
Published: Praha Carpe Momentum 2017
Subjects:
Tags: Add Tag
No Tags, Be the first to tag this record!

MARC

LEADER 00000nam a22000003a 4500
001 0029911
003 SK-STU
005 20180112080355.1
007 ta
008 180112s ----xo-----e------000-0-----d
020 |a 978-80-905334-4-8 
040 |a STU  |b slo 
041 0 |a cze 
044 |a xr 
100 1 |a Lymbery, Philip 
245 1 0 |a Farmagedon :  |b skutečná cena levného masa /  |c Philip Lymbery, Isabel Oakeshottová 
260 |a Praha  |b Carpe Momentum  |c 2017 
300 |a 417 s. 
650 0 7 |a výroba potravín 
650 0 7 |a živočíšna výroba 
700 1 |a Oakeshottová, Isabel  |4 aut 
996 |b 284M087554  |c M* 14053-1  |l MMKN  |s A  |a 24  |w 0029911_0001